000 00633nam a22001817a 4500
005 20231107142902.0
008 231107b |||||||| |||| 00| 0 eng d
020 _a0702115860 X
041 _aEnglish
082 _a346.43 ARO
100 _aAronstam, PJ
_lEnglish
245 _aThe Alienation of Land :
_bbeing a supplement to the Law Credit Agreements and Hire-Purchase by Diemont and Aronstam /
_cPJ Aronstam
250 _aFirst Edition
260 _aCape Town :
_bJuta and Company Ltd,
_c1985
300 _bxxviii, 186 pages ;
_c25,5 cm.
650 _aLegal practice
_bLaw
942 _cBK
_6ALISON_BN_VRIES
999 _c389
_d389